Statistics for Russia Geography

Click here to take the quiz!

General Stats

  • This quiz has been taken 30 times
  • The average score is 12 of 19

Answer Stats

HintAnswer% Correct
Largest bordering countryChina
100%
Capital and largest cityMoscow
100%
Second-largest citySaint Petersburg
100%
Russia invaded Ukraine to annex…Crimea
93%
Russia was part of this former countrySoviet Union
93%
Land Russia gave to the USAAlaska
90%
Strait separating Russia from USABering Strait
90%
Largest lakeLake Baikal
79%
Large region in RussiaSiberia
72%
Highest mountain in RussiaMount Elbrus
59%
Official nameRussian Federation
59%
River forming a border between Russia and ChinaAmur River
55%
A republic of Russia sometimes called TatariaTatarstan
45%
A republic of Russia located on OssetiaNorth Ossetia
31%
Famous cathedralSaint Basil’s Cathedral
31%
City also called Archangel or ArchangelskArkhangelsk
28%
Mountain range in RussiaUral Mountains
21%
A federal subject of Russia bordering Kazakhstan, Novosibirsk Oblast, Kemerovo Oblast, and Altai RepublicAltai Krai
14%
Russia and Armenia have a city with this nameArmavir
7%

Score Distribution

Percentile by Number Answered

Percent of People with Each Score

Your Score History

You have not taken this quiz